01495nam a2200337 a 4500001001000000003000500010005001700015008004100032010001100073011001100084040000900095090001000104100003500114245017400149260004100323500006000364502007100424590004000495590004000535650006600575650004500641650005400686650003900740856007000779901000700849942001000856942000600866999001900872952013100891952013501022000114318CHAP20220329144436.0180110s2017 mx a fsm |||||||spa d a110779 a111751 cCHAP aTesis1 aCruz Martínez, Edgar913426810aAnálisis de lluvias atípicas consecutivas para el diseño del drenaje agrícola en el municipio de Huimanguillo,Tabasco /h[En línea]cpor Edgar Cruz Martínez. aChapingo, Méx. :bEl autor,c2017. aPara ver el contenido del material haga clic en la liga aTesis (Ing. en Irrigación) -- UACH. Departamento de Irrigación aE8697GMMb05c20180110lUCH01h1444 aE8697GMMb05c20180111lUCH01h113914aCuencas hidrográficasxInnovaciones tecnológicas.913426414aEscurrimientosxAprovechamiento.913183114aPrecipitación (Meteorología)xTabasco.99135614aSuelosxBalance hídrico.9110215 aFinding aiduhttp://10.13.5.2/tesis/sist114318.pdfzTeclea aquí aBK cTESIS n0 c110779d110779 00104054718TESISaBCbBCd2018-01-10fTESISl0oTESISp114318-10r2019-12-31 00:00:00w2019-12-31yTESISzRecien adquirido 00102local4053708TESISaBCbBCcPA_TESISd2018-01-10fTESISl0oTESISp114318-20r2019-12-31 00:00:00tc.2w2019-12-31yTESIS